|
|
|
|
| LEADER |
00000cam a22000004a 4500 |
| 001 |
musev2_85162 |
| 003 |
MdBmJHUP |
| 005 |
20230905052742.0 |
| 006 |
m o d |
| 007 |
cr||||||||nn|n |
| 008 |
210511s2021 enk o 00 0 eng d |
| 020 |
|
|
|a 9781526147578
|
| 020 |
|
|
|z 9781526147561
|
| 020 |
|
|
|z 9781526147554
|
| 035 |
|
|
|a (OCoLC)1262183086
|
| 040 |
|
|
|a MdBmJHUP
|c MdBmJHUP
|
| 245 |
0 |
0 |
|a Defending Eastern Europe :
|b The defense policies of new NATO and EU member states /
|c edited by Jacek Lubecki, James W. Peterson.
|
| 264 |
|
1 |
|a Manchester :
|b Manchester University Press,
|c 2021.
|
| 264 |
|
3 |
|a Baltimore, Md. :
|b Project MUSE,
|c 2021
|
| 264 |
|
4 |
|c ©2021.
|
| 300 |
|
|
|a 1 online resource (240 pages):
|b illustrations ;
|
| 336 |
|
|
|a text
|b txt
|2 rdacontent
|
| 337 |
|
|
|a computer
|b c
|2 rdamedia
|
| 338 |
|
|
|a online resource
|b cr
|2 rdacarrier
|
| 588 |
|
|
|a Description based on print version record.
|
| 610 |
2 |
7 |
|a North Atlantic Treaty Organization.
|2 fast
|0 (OCoLC)fst00529467
|
| 610 |
2 |
7 |
|a European Union.
|2 fast
|0 (OCoLC)fst00916630
|
| 610 |
2 |
0 |
|a European Union
|z Europe, Eastern.
|
| 610 |
2 |
0 |
|a North Atlantic Treaty Organization.
|
| 650 |
|
7 |
|a National security.
|2 fast
|0 (OCoLC)fst01033711
|
| 650 |
|
7 |
|a Military policy.
|2 fast
|0 (OCoLC)fst01021386
|
| 650 |
|
0 |
|a National security
|z Europe, Eastern.
|
| 651 |
|
7 |
|a Eastern Europe.
|2 fast
|0 (OCoLC)fst01245079
|
| 651 |
|
0 |
|a Europe, Eastern
|x Military policy.
|
| 655 |
|
7 |
|a Electronic books.
|2 local
|
| 700 |
1 |
|
|a Peterson, James W.
|q (James Walter),
|d 1945-
|e editor.
|
| 700 |
1 |
|
|a Lubecki, Jacek,
|e editor.
|
| 710 |
2 |
|
|a Project Muse.
|e distributor
|
| 830 |
|
0 |
|a Book collections on Project MUSE.
|
| 856 |
4 |
0 |
|z Texto completo
|u https://projectmuse.uam.elogim.com/book/85162/
|
| 945 |
|
|
|a Project MUSE - Custom Collection
|
| 945 |
|
|
|a Project MUSE - 2021 Complete
|
| 945 |
|
|
|a Project MUSE - 2021 History
|